Central Library OPAC University of Rajshahi

রত্নাকর গিরিশচন্দ্র / (Record no. 44959)

MARC details
000 -LEADER
fixed length control field 00877nam a2200229 a 4500
001 - CONTROL NUMBER
control field 44959
003 - CONTROL NUMBER IDENTIFIER
rucl marc code BD-RjUL
005 - DATE AND TIME OF LATEST TRANSACTION
control field 20211209053937.0
008 - FIXED-LENGTH DATA ELEMENTS--GENERAL INFORMATION
fixed length control field 160721s1964 ii ||||| |||| 00| 0 ben d
020 ## - INTERNATIONAL STANDARD BOOK NUMBER
Terms of availability : Tk. 6.50
035 ## - SYSTEM CONTROL NUMBER
System control number (BD-RjUL)45077
040 ## - CATALOGING SOURCE
Original cataloging agency BD-RjUL
Language of cataloging ben
Transcribing agency BD-RjUL
041 ## - LANGUAGE CODE
Language code of text/sound track or separate title ben
082 ## - DEWEY DECIMAL CLASSIFICATION NUMBER
Edition number 23
Classification number 891.443
Author mark and year SER 1964
100 1# - MAIN ENTRY--PERSONAL NAME
Personal name সেনগুপ্ত, অচিন্ত্যকুমার
9 (RLIN) 116540
245 10 - TITLE STATEMENT
Title রত্নাকর গিরিশচন্দ্র /
Statement of responsibility, etc. অচিন্ত্যকুমার সেনগুপ্ত
260 ## - PUBLICATION, DISTRIBUTION, ETC. (IMPRINT)
Place of publication, distribution, etc. কলিকাতা :
Name of publisher, distributor, etc. আনন্দধারা প্রকাশন,
Date of publication, distribution, etc. ১৯৬৪
300 ## - PHYSICAL DESCRIPTION
Pagination [৭], ২০০ পৃ. :
Illustrations চিত্র ;
Size ২১ সেমি.
650 ## - SUBJECT ADDED ENTRY--TOPICAL TERM
Topical term or geographic name as entry element বাংলা উপন্যাস
9 (RLIN) 137789
Topical term or geographic name as entry element Bengli Fiction
9 (RLIN) 137790
942 ## - ADDED ENTRY ELEMENTS (KOHA)
Source of classification or shelving scheme Dewey Decimal Classification
Koha item type Books
Holdings
Lost status Source of classification or shelving scheme Damaged status Not for loan Collection code Permanent Location Current Location Shelving location Date acquired Source of acquisition Cost, normal purchase price Total Checkouts Full call number Date last seen Copy number Koha item type
  Dewey Decimal Classification     Fiction Central Library, University of Rajshahi Central Library, University of Rajshahi   26/01/1965 Ideal Library, Dhaka 7.31   B 891.443 SER 1964 21/07/2016 C-2 Books